[Event "17th Aeroflot Open-A 2019"]
[Site "Moscow"]
[Date "2019.02.24"]
[Round "6.36"]
[White "Narayanan, Srinath"]
[Black "Afanasiev, Nikita"]
[Result "0-1"]
[WhiteElo "2572"]
[BlackElo "2508"]
[Annotator "TA"]
[PlyCount "82"]
[EventDate "2019.02.19"]
[EventCountry "RUS"]
[SourceTitle "playchess.com"]
[Source "ChessBase"]
[SourceQuality "1"]

{[%evp 12,82,6,3,12,-9,-1,-35,-28,-35,-35,-33,0,0,0,0,0,-68,-56,-112,-111,-147,-146,-147,-149,-143,-154,-140,-143,-222,-240,-239,-251,-203,-183,-193,-190,-247,-231,-244,-228,-403,-460,-465,-465,-460,-450,-465,-460,-441,-434,-616,-616,-622,-612,-665,-609,-805,-578,-793,-786,-757,-658,-851,-784,-1041,-1029,-1529,-1482,-2347,-2345,-6275,-5304]} 1. e4 e5 2. Nf3 Nc6 3. Bb5 Nf6 4. d3 Bc5 5. Ba4 O-O 6. O-O {C65: Ruy Lopez: Berlin Defence (3...Nf6), unusual lines and 4 0-0 Bc5} d6 7. c3 {LiveBook: 4 Games} Ne7 8. Bg5 $146 {The position is equal.} ({Predecessor:} 8. Nbd2 Ng6 9. d4 Bb6 10. Bc2 Re8 11. Re1 c6 12. h3 h6 {1-0 (22) Karjakin,S (2753)-Jakovenko,D (2735) St Petersburg 2018}) 8... Ng6 9. Nh4 h6 10. Nxg6 fxg6 11. Be3 Ng4 {Hoping for ...Qh4.} 12. Bxc5 dxc5 13. Bb3+ Kh7 14. h3 (14. g3 $11) 14... Nf6 $15 15. f4 (15. Re1 $15) 15... exf4 $17 16. Rxf4 Qd6 17. Rf3 {[#]} Bg4 $1 {[%cal Rg4f3][%mdl 512]} 18. hxg4 Nxg4 19. g3 c4 $1 20. d4 ({But not} 20. Bxc4 $2 Qb6+ 21. d4 Qxb2 $19) (20. Nd2 $17 cxb3 21. axb3) 20... cxb3 $19 21. Nd2 bxa2 $40 {[%mdl 128] Black wants a kill.} 22. Rxa2 h5 23. e5 Qd5 24. Ra1 (24. Ra4 {was necessary.}) 24... c5 25. Qf1 {[#]} Ne3 $1 {[%mdl 512]} 26. Rxe3 $2 (26. Qe2 cxd4 27. Re1) 26... Rxf1+ 27. Nxf1 {Black is clearly winning.} cxd4 28. Rd1 Qb3 29. Rxd4 Qxb2 30. e6 {intending e7.} Re8 31. e7 (31. Nd2 $142) 31... Qa3 32. Rde4 a5 {[%cal Ba7a5,Ba5a4,Ba4a3][%mdl 32]} 33. Nh2 Qc1+ 34. Kf2 Qb2+ 35. Re2 Qxc3 36. Nf3 {[#]} a4 $1 37. Ng5+ (37. Rxa4 Qc5+) 37... Kg8 38. Kg2 a3 39. Rf2 Qc5 40. Rf8+ Rxf8 41. e8=Q Qxg5 {Precision: White = 29%, Black = 78%.} 0-1

[Event "17th Aeroflot Open-A 2019"]
[Site "Moscow"]
[Date "2019.02.24"]
[Round "6.37"]
[White "Prithu Gupta"]
[Black "Moroni, Luca Jr"]
[Result "1/2-1/2"]
[WhiteElo "2470"]
[BlackElo "2567"]
[Annotator "RC"]
[PlyCount "47"]
[EventDate "2019.02.19"]
[EventCountry "RUS"]
[SourceTitle "playchess.com"]
[Source "ChessBase"]
[SourceQuality "1"]
[TimeControl "40/5400+30:1800+30"]

1. Nf3 {[%emt 0:00:00]} d5 {[%emt 0:00:00]} 2. g3 {[%emt 0:00:00]} Nf6 {[%emt 0:00:00]} 3. Bg2 {[%emt 0:00:00]} e6 {[%emt 0:00:00]} 4. O-O {[%emt 0:00:00]} b5 {[%emt 0:00:51]} 5. d3 {[%emt 0:00:11]} Bb7 {[%emt 0:00:05]} 6. Nbd2 {[%emt 0:00:23]} c5 {[%emt 0:00:53]} 7. e4 {[%emt 0:00:40]} Nc6 {[%emt 0:00:41]} 8. Re1 {[%emt 0:13:10]} Be7 {[%emt 0:01:16]} 9. Qe2 {[%emt 0:00:58]} Qb6 {[%emt 0:04:42]} 10. a4 {[%emt 0:02:55]} b4 {[%emt 0:07:06]} 11. exd5 {[%emt 0:11:24]} Nxd5 {[%emt 0:04:03]} 12. a5 {[%emt 0:01:54]} Qa6 {[%emt 0:08:56]} 13. Nc4 {[%emt 0:09:42]} O-O {[%emt 0:03:39]} 14. Bd2 {[%emt 0:11:57]} Bf6 {[%emt 0:05:06]} 15. Rab1 {[%emt 0:07:16]} Rad8 {[%emt 0:04:26]} 16. Be3 {[%emt 0:10:44]} Qb5 {[%emt 0:04:09]} 17. Ra1 {[%emt 0:00:11]} h6 {[%emt 0:04:38]} 18. Nfd2 {[%emt 0:04:40]} Rd7 {[%emt 0:07:55]} 19. Nb3 {[%emt 0:05:32]} Be7 {[%emt 0:07:21]} 20. Bd2 {[%emt 0:04:33]} Rfd8 {[%emt 0:03:15]} 21. Qg4 {[%emt 0:03:20]} Nf6 {[%emt 0:03:49]} 22. Qe2 {[%emt 0:00:12]} Nd5 {[%emt 0:10:55]} 23. Qg4 {[%emt 0:03:04]} Nf6 {[%emt 0:02:15]} 24. Qe2 {[%emt 0:00:14]} 1/2-1/2

[Event "17th Aeroflot Open-A 2019"]
[Site "Moscow"]
[Date "2019.02.24"]
[Round "6.38"]
[White "Lalith Babu M R"]
[Black "Harika, Dronavalli"]
[Result "1/2-1/2"]
[WhiteElo "2556"]
[BlackElo "2471"]
[Annotator "TA"]
[PlyCount "73"]
[EventDate "2019.02.19"]
[EventCountry "RUS"]
[SourceTitle "playchess.com"]
[Source "ChessBase"]
[SourceQuality "1"]

{[%evp 9,73,10,12,12,11,0,0,0,0,0,0,-34,-12,-18,-15,-26,-9,-74,-31,-33,-20,-37,-14,-20,-8,-23,-8,-35,-22,-38,-33,-120,-112,-106,-121,-124,-108,-106,-105,-102,-97,-244,-161,-143,0,-54,0,0,7,7,6,0,8,8,8,8,8,8,18,-1,-2,-2,0,0,-1,-9]} 1. Nf3 d5 2. c4 e6 3. e3 Nf6 4. Nc3 a6 (4... Be7 5. b3 O-O 6. Bb2 dxc4 7. Bxc4 c5 8. h4 a6 9. Qb1 b5 10. Be2 Bb7 11. Ng5 Nbd7 12. Bf3 Bxf3 13. Nxf3 Rc8 14. Ne2 {0-1 (59) Nepomniachtchi,I (2763)-Yu,Y (2764) St Petersburg 2018}) 5. b3 b6 6. Bb2 {A17: English Opening: 1...Nf6 with ...Bb4} Bb7 7. Be2 Nbd7 8. Qc2 Bd6 9. cxd5 exd5 10. Nd4 g6 11. O-O O-O 12. Rac1 $146 ({Predecessor:} 12. Nf3 Rc8 13. Rac1 Qe7 14. h3 Rfe8 15. Qb1 c5 16. Rfe1 Ne5 17. Na4 Ned7 {½-½ (17) Papp,G (2291)-Berczes,D (2450) Balatonlelle 2006}) 12... Rc8 13. Qb1 (13. Nf3 $11) 13... Qe7 14. Nf3 Rfe8 15. Rfe1 Ne4 16. d3 Nef6 17. Bf1 Qf8 18. Ne2 Qh6 19. h3 c5 20. a3 {[#]} (20. Qc2 $15) 20... d4 $1 $17 {[%cal Rd4e3][%mdl 512]} 21. exd4 Bxf3 $1 22. gxf3 Nh5 23. dxc5 Nxc5 {White must now prevent ...Nf4.} 24. Rc4 Nxb3 25. Qc2 (25. Bc3 $17 {was necessary.} Nd2 26. Bxd2 Qxd2 27. Qc1 Qxc1 28. Rexc1 Rxc4 29. dxc4) 25... Qg5+ 26. Kh1 Nc5 (26... Rxc4 $17 27. Qxc4 Qc5 28. Qxc5 Nxc5) 27. Qc3 ({White should try} 27. d4 $11 Rxe2 28. Qxe2) 27... f6 (27... Qe5 $15 28. Qxe5 Bxe5 29. Bxe5 Nxd3 {[%mdl 64] Double Attack, Discovered Attack} 30. Rxc8 Rxc8) 28. d4 $11 {[#]The position is equal.} Rxe2 $1 {[%mdl 576] Remove Defender} 29. Rxe2 (29. dxc5 {[#] gets mated.} Ng3+ $1 {[%mdl 512]} 30. Kg1 Ne4+ 31. Bg2 Rxf2 32. cxd6 Qxg2#) 29... Qf4 $132 {[%csl Gd6][%cal Rf4h2][%mdl 2048] [#] Black has counterplay} 30. Re5 $1 {[%mdl 512] Bc1 is the strong threat.} Bxe5 31. dxe5 Qxe5 32. Qxe5 fxe5 33. Bxe5 Rd8 34. Rd4 Rxd4 35. Bxd4 a5 36. Be5 Kf7 37. Bc7 {Accuracy: White = 36%, Black = 55%.} 1/2-1/2

[Event "17th Aeroflot Open-A 2019"]
[Site "Moscow"]
[Date "2019.02.24"]
[Round "6.39"]
[White "Hakobyan, Aram"]
[Black "Flom, Gabriel"]
[Result "1-0"]
[WhiteElo "2545"]
[BlackElo "2460"]
[Annotator "TA"]
[PlyCount "81"]
[EventDate "2019.02.19"]
[EventCountry "RUS"]
[SourceTitle "playchess.com"]
[Source "ChessBase"]
[SourceQuality "1"]

{[%evp 12,81,16,0,0,6,24,8,15,-12,0,-14,0,-24,-14,-14,0,-26,48,0,3,0,0,0,11,2,55,41,66,47,73,56,72,77,80,56,99,84,91,63,50,49,227,231,220,187,258,227,374,331,395,402,333,252,170,147,206,238,224,220,174,17,12,0,0,0,254,257,256,247,258,254]} 1. e4 c5 2. Nf3 e6 3. d4 cxd4 4. Nxd4 a6 5. Nc3 Qc7 6. g3 Bb4 7. Nde2 Be7 {B43: Sicilian: Kan Variation: 5 Nc3} (7... Nf6 8. Bg2 Nc6 9. O-O Be7 10. a4 O-O 11. b3 b6 12. Bb2 Bb7 13. Nf4 Rac8 14. Nce2 Ne5 15. Nd3 Ng6 16. Nc3 Rfd8 17. Re1 d5 18. exd5 Nxd5 19. Nxd5 Bxd5 20. Bxd5 Rxd5 {0-1 (70) Mamedov,R (2703)-Smirin,I (2609) St Petersburg 2018}) 8. Bg2 d6 9. O-O Nf6 {The position is equal.} 10. h3 Nc6 11. a4 b6 12. g4 h6 13. f4 Bb7 14. Be3 {[#]} Nb4 $146 (14... O-O $11) ({Predecessor:} 14... Na5 15. Bf2 d5 16. e5 Nd7 17. Nd4 Nc6 18. Nce2 Nc5 19. Nxc6 Bxc6 {1-0 (50) Papp,G (2373)-Sax,G (2535) Zalakaros 2004}) 15. Nd4 d5 {[%cal Rf6e4]} 16. e5 Ne4 17. Nce2 g5 18. a5 b5 ({Black should play} 18... bxa5 $11 19. Rc1 Nc5) 19. c3 $14 Nc6 20. Nxc6 Bxc6 21. Bb6 Bc5+ 22. Bxc5 Nxc5 23. Nd4 $36 {[%cal Be2d4,Bd4c2,Bc2e3,Be3g4][%mdl 2080] White is more active.} Bb7 24. Qf3 gxf4 25. Qxf4 Qe7 26. Rad1 Ne4 $2 ({Better is} 26... Rh7 $14) 27. Bxe4 $1 $18 dxe4 28. Nc2 $1 h5 (28... Rh7 $142 29. Rd6 Rd8) 29. g5 h4 (29... Bd5 $142 30. Nb4 Bb7) 30. Ne3 Rg8 31. Kh2 Rxg5 32. Ng4 {White wants to mate with Nf6+.} ({Less strong is} 32. Qxh4 Bd5 $16) 32... e3 33. Qxe3 ({Not} 33. Nf6+ Qxf6 $1 {[%mdl 512]} 34. Qxf6 Rg2+ 35. Kh1 Rg6+ 36. Kh2 Rg2+ 37. Kh1 Rg6+ 38. Kh2 Rg2+ $11) 33... Rd8 34. Qb6 ({Avoid the trap} 34. Nf6+ $2 Qxf6 $1 {[%mdl 512]} 35. exf6 Rg2+ 36. Kh1 Rxb2+ 37. Kg1 Rg2+ 38. Kh1 Re2+ 39. Kg1 Rxe3 $19) 34... Rxd1 35. Rxd1 Kf8 {[#]} 36. Qe3 $2 (36. b4 $1 $18) 36... Rg6 $1 $11 37. Rd2 Qc7 {Threatens to win with ...Qc6.} 38. Qb6 Qc6 $2 {[%mdl 8192]} (38... Qc4 $1 $11 {and Black stays safe.} 39. Rd8+ Kg7 40. Qxb7 Qf4+ 41. Kh1 Qc1+ 42. Kg2 Qxb2+ 43. Kh1 Qc1+ 44. Kh2 Qf4+ 45. Kh1 Qc1+ 46. Kh2 Qf4+ 47. Kh1 Qc1+) 39. Qxc6 $18 Bxc6 40. Rd6 Bf3 41. Rxa6 {Accuracy: White = 48%, Black = 53%.} 1-0

[Event "17th Aeroflot Open-A 2019"]
[Site "Moscow"]
[Date "2019.02.24"]
[Round "6.40"]
[White "Warmerdam, Max"]
[Black "Aryan Chopra"]
[Result "0-1"]
[WhiteElo "2450"]
[BlackElo "2540"]
[Annotator "TA"]
[PlyCount "90"]
[EventDate "2019.02.19"]
[EventCountry "RUS"]
[SourceTitle "playchess.com"]
[Source "ChessBase"]
[SourceQuality "1"]

{[%evp 17,90,23,31,24,14,22,33,-16,-16,-60,-39,-60,-62,-64,-59,-48,-22,-84,-68,-87,-81,-88,-70,-89,-80,-111,-109,-110,-131,-134,-117,-120,-112,-120,-104,-166,-128,-151,-133,-133,-145,-161,-78,-95,-94,-94,42,-94,-93,-110,-123,-114,-121,-277,-257,-247,-249,-392,-393,-391,-397,-422,-422,-417,-414,-421,-398,-351,0,-402,-383,-400,-385,-609,-609]} 1. d4 Nf6 2. c4 g6 3. g3 Bg7 4. Bg2 O-O 5. Nc3 d6 6. Nf3 Nc6 7. O-O e5 8. dxe5 dxe5 9. Bg5 Be6 10. Qc1 {E62: King's Indian: Fianchetto: 6...c6 and Panno Variation (6...Nc6) without ...a6} (10. Qa4 Qb8 11. Bxf6 Bxf6 12. Nd2 Bg7 13. Rfd1 Rd8 14. Nb3 Nd4 15. Nc5 c6 16. e3 Bg4 17. exd4 exd4 18. N3e4 Bxd1 19. Rxd1 {1-0 (32) Carlsen,M (2835)-Firouzja,A (2607) St Petersburg 2018}) 10... Qc8 11. Rd1 Re8 12. Nd2 $146 {White is slightly better.} ({Predecessor:} 12. Nd5 Nd7 13. Bh6 f6 14. Bxg7 Kxg7 15. b3 Nd8 16. Nd2 Nf7 17. c5 c6 {0-1 (39) Yakubboev,N (2556)-Wang,H (2730) Makati 2018}) 12... Nd7 13. Nd5 Nd4 14. Re1 {Threatening Ne7+.} f6 15. Be3 Nf5 16. Ne4 c6 17. Nb4 (17. g4 $11 {keeps the balance.} Nxe3 18. Nxe3) 17... Nxe3 $17 18. Nd6 {[#]} Nxg2 $1 {[%mdl 512]} 19. Nxc8 (19. Kxg2 Qc7) 19... Nxe1 20. Nd6 Red8 $1 21. Qxe1 Nc5 22. Nxb7 {[%mdl 64] Remove Defender} Nxb7 23. Nxc6 Rd7 $36 {[%mdl 2048] Keeping White busy.} ({Not} 23... Bxc4 $2 24. Qb4 $18) 24. Rd1 Rc7 25. Na5 Bf8 26. b3 (26. Nxb7 $17 Rxb7 27. Qc3) 26... Nc5 27. b4 Nb7 $1 28. Nxb7 Rxb7 29. c5 Bxa2 (29... a5 $19 {is more deadly.} 30. bxa5 Bxc5) 30. c6 Rf7 ({Don't go for} 30... Rxb4 $2 31. c7 $18) 31. b5 Bc5 {[#]} (31... Be6 $1 $17) 32. Qa5 (32. c7 $1 $14 {[%mdl 512] was forced to keep a grip.} Rff8 (32... Rxc7 33. Qa5) 33. Qc3) 32... Be6 33. Rd8+ Rxd8 34. Qxd8+ {[#]} Rf8 $1 {[%cal Rf8d8]} 35. Qc7 $2 (35. Qd2 $17) 35... Bb6 $19 36. Qe7 {[#]} Bh3 $1 {Threatens to win with ...Rd8.} 37. c7 (37. Qa3 $142) 37... Rc8 38. Qxf6 Rxc7 {[%cal Rc7c1]} 39. Qd8+ Kg7 {( -> ...Rc1+)} 40. Qg5 Bd4 41. Qd2 Rc3 42. Qg5 Rc7 43. Qd2 Rd7 {Strongly threatening ...Bxf2+!} 44. Qc1 Bb6 45. e3 (45. Qe1 $142) 45... e4 {Accuracy: White = 47%, Black = 75%.} 0-1

[Event "17th Aeroflot Open-A 2019"]
[Site "Moscow"]
[Date "2019.02.25"]
[Round "7.1"]
[White "Martirosyan, Haik M."]
[Black "Sasikiran, Krishnan"]
[Result "1-0"]
[WhiteElo "2616"]
[BlackElo "2678"]
[Annotator "TA"]
[PlyCount "69"]
[EventDate "2019.02.19"]
[EventCountry "RUS"]
[SourceTitle "playchess.com"]
[Source "ChessBase"]
[SourceQuality "1"]

{[%evp 18,69,24,0,37,6,30,30,74,64,64,58,74,76,117,77,79,77,88,71,81,85,84,69,89,85,211,200,185,205,186,198,271,298,374,374,368,338,587,588,813,803,750,540,500,398,582,556,1540,557,29989,1366,29990,572]} 1. d4 Nf6 2. c4 g6 3. Nf3 Bg7 4. g3 O-O 5. Bg2 d6 6. O-O c5 7. Nc3 Nc6 8. d5 Na5 9. Nd2 a6 10. Rb1 b5 {E66: King's Indian: Fianchetto: 6...c5 7 0-0 Nc6 8 d5} (10... Rb8 11. Qc2 b5 12. cxb5 axb5 13. b4 cxb4 14. Rxb4 Bd7 15. Bb2 Qc7 16. Rc1 Ng4 17. Qb1 Qa7 18. Nd1 Bxb2 19. Qxb2 {0-1 (52) Khismatullin,D (2621)-Firouzja,A (2607) St Petersburg 2018}) 11. b3 Ng4 12. Qc2 Ne5 {[%cal Rb5c4] White has an edge.} 13. Nd1 Rb8 14. Bb2 bxc4 15. bxc4 Rb4 {[%cal Ra5c4]} 16. Ne3 Bd7 17. f4 Rxb2 18. Rxb2 (18. Qxb2 $2 {perishes.} Ng4 $19) 18... Ng4 19. Nxg4 Bxg4 20. e4 $146 ({Predecessor:} 20. Rbb1 Bxe2 21. Rfe1 {0-1 (58) Rubio Mancebon,P (2005)-Garcia Garcia,R (2193) Palencia 1999}) 20... Bd4+ {[#]} 21. Kh1 $1 e5 (21... Bxb2 $16 {keeps fighting.} 22. Qxb2 Qb8) 22. Rbb1 $18 exf4 23. gxf4 Re8 24. Qd3 f5 (24... Re7 {was called for.} 25. Bh3 Bh5) 25. Qg3 Bf6 26. Bf3 Bxf3+ 27. Qxf3 ({Less strong is} 27. Rxf3 fxe4 28. Re3 Bd4 $18) 27... Bd4 $2 (27... Qd7 28. Qa3 fxe4 29. Qxa5 e3) 28. exf5 Re3 29. Qg2 Qe8 30. fxg6 Qxg6 31. Rfe1 Kf7 (31... Rxe1+ $142 32. Rxe1 Qxg2+ 33. Kxg2 Bc3) 32. Rxe3 Bxe3 33. Ne4 (33. Qh3 $142) 33... Nxc4 {and the idea ...Qxg2+ leaves Black hopeful.} 34. Rb7+ (34. Ng5+ $142 Kf8 {[#]} 35. Nxh7+ $1 {[%mdl 512]} Qxh7 36. Rb8+ Kf7 37. Rb7+ {[%mdl 64] Skewer} Kf8 38. Rxh7 Bd4 39. Qg6 Bg7 40. Qxg7+ Ke8 41. Rh8#) 34... Kf8 35. f5 {Accuracy: White = 62%, Black = 28%.} (35. Ng5 $142 Ne5 36. Ne6+ Ke8 37. fxe5 Bf4 38. Nxf4 Qxg2+ 39. Kxg2 Kf8 40. exd6) 1-0

[Event "17th Aeroflot Open-A 2019"]
[Site "Moscow"]
[Date "2019.02.25"]
[Round "7.2"]
[White "Wei, Yi"]
[Black "Kulaots, Kaido"]
[Result "0-1"]
[WhiteElo "2733"]
[BlackElo "2542"]
[Annotator "TA"]
[PlyCount "165"]
[EventDate "2019.02.19"]
[EventCountry "RUS"]
[SourceTitle "playchess.com"]
[Source "ChessBase"]
[SourceQuality "1"]

{[%evp 14,165,16,6,14,7,17,8,10,10,40,34,35,28,43,37,45,48,58,48,66,54,40,45,81,80,77,74,95,69,51,38,41,36,63,32,32,32,32,16,38,8,15,15,16,10,16,0,23,0,21,16,4,0,36,0,0,0,0,0,0,0,0,0,0,0,0,0,0,0,0,0,0,0,0,0,0,0,0,0,0,0,0,0,0,0,7,0,7,0,0,0,0,0,0,0,7,0,0,0,0,0,0,0,27,10,13,13,14,-38,-28,-27,0,-22,-22,-42,-34,-42,0,-20,0,-58,-38,-36,-26,-70,-68,-126,-89,-85,-87,-64,-28,-12,0,-266,-253,-261,-257,-399,-189,-188,-141,-153,-173,-131,-131,-582,-552,-1797,-1552,-6811,-6811,-5126]} 1. e4 c5 2. Nc3 d6 3. Nge2 Nf6 4. g3 Nc6 5. Bg2 g6 6. d3 Bg7 7. O-O O-O 8. Bg5 {LiveBook: 16 Games} Bd7 {B25: Closed Sicilian: 3 g3, lines without early Be3} (8... Rb8 9. Qd2 b5 10. Bh6 b4 11. Nd1 Bxh6 12. Qxh6 e6 13. a3 d5 14. exd5 exd5 15. axb4 Rxb4 16. Qd2 {½-½ (58) Yu,Y (2764)-Vachier Lagrave,M (2778) Shenzhen 2018}) 9. Qd2 Nd4 $146 ({Predecessor:} 9... Qa5 10. Bh6 Nd4 11. Bxg7 Kxg7 12. h3 Qb4 13. Rab1 Rac8 14. f4 Bc6 15. g4 Nd7 16. f5 Nxe2+ 17. Qxe2 {½-½ (43) Flindt,T (2179)-Baekgaard,M (2294) Denmark 2009}) 10. Nxd4 cxd4 {The position is equal.} 11. Ne2 e5 12. c3 dxc3 13. Nxc3 a5 14. f4 {[%cal Bf2f4,Bf4f5][%mdl 32]} Bc6 15. f5 b5 16. Rac1 b4 17. Nd5 Bxd5 $1 18. exd5 Qb6+ 19. Kh1 Qb5 20. Rc6 Rad8 21. Bxf6 Bxf6 22. Be4 g5 23. Rfc1 Kg7 24. Qd1 Rd7 25. Kg2 Rh8 26. Qh5 Qb7 27. Kf3 Qa7 28. R6c4 Qb6 29. Ke2 Qa7 30. Kf3 Qb6 31. Ke2 Qa7 32. h4 h6 $1 33. Qf3 Rg8 34. hxg5 hxg5 (34... Bxg5 35. f6+ $1 {[%mdl 512]} Bxf6 36. Qf5) 35. Rh1 {Black should prevent Qh5.} Rh8 36. Rxh8 Kxh8 37. Qh1+ Kg7 $1 38. Qc1 Qb6 39. Rc6 Qd4 40. Rc4 Qb6 41. Rc6 Qd4 42. Ra6 Rd8 43. Kf1 Rd7 44. Kg2 {[#]} b3 $1 {[%mdl 512]} 45. axb3 Rb7 46. Ra8 Ra7 47. Rb8 {Qh1 would kill now.} Rd7 $1 48. Ra8 Rd8 49. Rxa5 Qb6 50. Ra3 Rh8 51. Qd2 Rb8 52. Qf2 Qc7 53. Qd2 Qc5 54. Bf3 Rb7 55. Ra5 Qb6 56. Bd1 Qd4 57. Qc3 Qe3 58. Ra4 Rb8 59. Re4 Qa7 60. b4 Rh8 61. Bb3 (61. Qd2 $11) 61... Qd7 $15 {[%mdl 1024] Black has compensation.} 62. g4 Qa7 63. Qd2 Rh4 64. Qe1 Qb8 65. Qg3 Qa7 66. Qe1 Qb8 67. Bc4 (67. Qg3 $11) 67... Qh8 {White must now prevent ...Rh2+.} 68. Qg3 $1 Bd8 69. d4 exd4 $1 70. Rxd4 (70. Re1 $15) 70... Bf6 71. Re4 Qb8 72. Be2 Be5 73. Rxe5 dxe5 $11 {[%cal Bd6e5,Be5d4][%mdl 4128] Endgame KQR-KQB} 74. b5 $2 {[%mdl 8192]} (74. Qe3 $11 {and White is okay.} Kf6 75. Qc5) 74... Qd6 $1 $19 {[%cal Rd6d5]} 75. Qe3 {[#]} Kf6 $1 (75... Qxd5+ 76. Bf3 $15) 76. b6 (76. Qf3 $142) 76... Qxd5+ (76... Qb4 $142 77. Bf3 Qxb2+ 78. Kg1 {[#]} e4 $1 {[%mdl 512]} 79. Qxe4 Qxb6+ 80. Kg2 Qc7 81. Qd4+ Qe5 82. Qxe5+ Kxe5) 77. Bf3 Qd4 ({Not} 77... Rxg4+ 78. Kf2 $11) 78. Qxd4 exd4 79. b7 Rh8 80. Bc6 $2 {[%mdl 8192]} (80. Kf2 $17) 80... Ke5 {Black is clearly winning.} 81. Bd7 {And now Bc8 would win.} Rb8 82. Bc8 Ke4 83. Kf2 {Precision: White = 41%, Black = 64%.} 0-1

[Event "17th Aeroflot Open-A 2019"]
[Site "Moscow"]
[Date "2019.02.25"]
[Round "7.3"]
[White "Chigaev, Maksim"]
[Black "Tabatabaei, M.amin"]
[Result "1/2-1/2"]
[WhiteElo "2613"]
[BlackElo "2590"]
[Annotator "TA"]
[PlyCount "29"]
[EventDate "2019.02.19"]
[EventCountry "RUS"]
[SourceTitle "playchess.com"]
[Source "ChessBase"]
[SourceQuality "1"]

{[%evp 18,29,0,-7,1,-12,21,-14,-5,0,0,-9,8,-15]} 1. e4 c5 2. Nf3 d6 3. d4 cxd4 4. Qxd4 Nf6 5. Be2 Nc6 6. Qe3 {B53: Sicilian: 2...d6: Lines with Qxd4} g6 7. O-O Bg7 8. h3 O-O (8... Nd7 9. Nc3 O-O 10. Rb1 a6 11. Bd2 b5 12. Nd5 e6 {1-0 (57) Harikrishna,P (2733)-Korobov,A (2694) Czech Republic 2019}) 9. Rd1 Nd7 10. Nc3 {LiveBook: 12 Games. The position is equal.} a6 11. Nd5 b5 $146 ({Predecessor:} 11... Re8 12. c4 Nc5 {1-0 (47) Tsang,H (2394)-Oppermann,R (2258) ICCF email 2016}) 12. c3 Rb8 13. a4 bxa4 14. Rxa4 a5 15. Nd4 1/2-1/2

[Event "17th Aeroflot Open-A 2019"]
[Site "Moscow"]
[Date "2019.02.25"]
[Round "7.5"]
[White "Petrosian, Tigran L."]
[Black "Nabaty, Tamir"]
[Result "1-0"]
[WhiteElo "2595"]
[BlackElo "2688"]
[Annotator "TA"]
[PlyCount "145"]
[EventDate "2019.02.19"]
[EventCountry "RUS"]
[SourceTitle "playchess.com"]
[Source "ChessBase"]
[SourceQuality "1"]

{[%evp 11,145,13,24,19,35,19,33,26,37,16,30,17,19,21,22,22,9,15,33,30,25,31,33,30,39,36,57,63,56,52,67,62,75,48,64,59,68,50,44,53,58,52,56,-6,-6,-6,-6,-5,-4,-6,-3,-10,-8,-9,-16,-10,0,-12,-22,-10,-12,-47,-47,-47,-47,-56,-56,-56,-57,-58,0,0,0,0,0,0,0,0,0,0,0,0,15,15,76,68,75,75,66,29,77,42,101,105,133,131,181,183,237,180,223,223,237,237,219,219,381,352,337,336,320,312,379,354,282,250,450,283,29957,29958,29960,29954,29959,29962,29964,29967,29965,29968,29967,29968,29960,29961,12843,12581,5591,5513]} 1. e4 e5 2. Nf3 Nf6 3. Nxe5 d6 4. Nf3 Nxe4 5. Nc3 Nxc3 6. dxc3 Nc6 7. Be3 {C42: Petroff Defence: 3 Nxe5 and unusual White 3rd moves} Bf5 (7... Be7 8. Bc4 Be6 9. Bxe6 fxe6 10. Qd3 Qd7 11. O-O-O O-O-O 12. c4 Kb8 13. Rhe1 Bf6 14. Qa3 h6 {0-1 (33) Grischuk,A (2766)-Duda,J (2737) chess.com INT 2018}) 8. Qd2 Be7 9. O-O-O {White is slightly better.} Qd7 10. Kb1 Bf6 11. h3 O-O-O 12. Nd4 Bxd4 13. Bxd4 $146 ({Predecessor:} 13. cxd4 d5 14. Bb5 Rhe8 15. Rhe1 Re6 16. f3 {1-0 (32) Jaworski,M (2152)-Volf,M (1871) ICCF email 2011}) 13... f6 14. Be3 d5 15. Be2 Rhe8 16. Rhe1 Be4 17. Bf1 g5 18. b3 Qd6 19. Kb2 h6 20. f3 Bg6 21. Qf2 b6 22. Ba6+ Kb8 23. g4 f5 24. gxf5 Bxf5 25. h4 g4 26. fxg4 Bxg4 27. Bf4 (27. Rd2 $14) 27... Rf8 $11 28. Bxd6 Rxf2 29. Bg3 $132 {[%mdl 2048] White puts up resistance} Rg2 30. Rd3 Bf5 31. Rde3 Rxc2+ 32. Ka3 $1 Bc8 33. Bb5 Bd7 (33... Kb7 {is interesting.} 34. Rf1 Bd7 35. Rf7 Nb4 36. cxb4 Bxb5 37. Ree7 Rc8) 34. R1e2 (34. Rd3 {seems wilder.} Nb4 35. Kxb4 a5+ 36. Ka3 Bxb5 37. c4) 34... Rxe2 35. Rxe2 Kb7 36. Bxc6+ Kxc6 {[%mdl 4096] Endgame KRB-KRB} 37. Rf2 Rg8 38. Bh2 h5 39. Rf6+ Kb7 40. Rf7 Kc8 ({Black should play} 40... Rg2 $1 $15 41. Be5 Re2) 41. Rh7 $1 Rg2 42. Be5 a5 43. Rxh5 Re2 44. Bf6 Rf2 45. Bd4 Rd2 46. Re5 c5 47. Be3 Rd1 {[#]} (47... Re2 $11 {remains equal.}) 48. h5 $1 $16 d4 49. cxd4 cxd4 50. Rd5 b5 51. Kb2 (51. Bxd4 Rb1 $15) 51... Bf5 (51... Rh1 $14 52. Rc5+ (52. Rxd4 Rxh5 53. Rd2 b4 $11) (52. Bxd4 Rh2+ 53. Kb1 Be8 $14) 52... Kb7 53. Bxd4 Rh2+ 54. Kb1 a4) 52. Bc1 (52. Rxf5 $6 dxe3 53. Re5 Rh1 $11) 52... Be4 53. Rxb5 d3 {White should prevent ...d2.} 54. Bf4 (54. Rxa5 d2 $11) 54... a4 (54... d2 {might work better.} 55. Kc3 a4 56. Bxd2 (56. bxa4 Ra1 $18) 56... axb3 57. axb3 Rh1) 55. Rb4 d2 {aiming for ...Rb1+.} 56. Kc3 ({Stronger than} 56. Rxe4 Rb1+ 57. Kxb1 d1=Q+ 58. Kb2 axb3 $11) (56. Rc4+ $6 Kb7 $16) 56... axb3 57. axb3 {[%cal Ba2b3,Bb3b4][%mdl 32]} ({Don't go for} 57. Rxe4 $2 bxa2 58. Ra4 a1=Q+ 59. Rxa1 Rxa1 $19) 57... Rh1 58. Kxd2 ({But not} 58. Bxd2 $6 Bd5) 58... Bd5 $2 (58... Bb1 59. h6 Kd7) 59. h6 $18 Rh3 60. Rb5 Be4 61. Re5 Bb1 62. b4 Rd3+ 63. Ke2 Rb3 $2 (63... Rd4) 64. Bd2 Kd7 $2 (64... Bd3+ $18 65. Kf3 Bb1+ 66. Kg4 Rb2) 65. Re3 Rb2 {[#]} 66. Rh3 $1 Bh7 67. Rg3 Ke6 68. Rg7 Bf5 69. h7 Bxh7 70. Rxh7 Rb3 71. Rh5 Kd6 72. Rc5 Kd7 73. Bc3 {Accuracy: White = 79%, Black = 49%.} 1-0